Dreamworks Villains - Statistics

General Stats
  • This quiz has been taken 129 times
    67 since last reset
  • The average score is 12 of 46
Answer Stats
Hint Answer Movie Year % Correct
A fairy who wants to kill shrek Fairy Godmother Shrek 2 2004
65%
Literally Death Death Puss In Boots: The Last Wish 2022
57%
Meant to be the Dragon Warrior Tai Lung Kung Fu Panda 2008
52%
A short king who wants to marry a princess Lord Farquaad Shrek 2001
48%
The killer of pandas Lord Shen Kung Fu Panda 2 2011
48%
Deceives people into signing hist contracts Rumpelstiltskin Shrek Forever After 2010
43%
The leader of their crime family Goldilocks Puss In Boots: The Last Wish 2022
39%
Puss in boot's former partner Humpty Dumpty Puss In Boots 2011
39%
A maniacal chicken farmer Mrs Tweedy Chicken Run 2000
39%
The son of #8 Prince Charming Shrek The Third 2007
37%
The brother of the previous one Baby Bear Puss In Boots: The Last Wish 2022
35%
Also called the "Boogie Man" Pitch Black Rise Of The Guardians 2012
35%
An ant general who wants to kill off all weak ants General Mandible Antz 1998
33%
The queen of dragons Red Death How To Train Your Dragon 2010
30%
A simp who gets superpowers Tighten Megamind 2010
30%
Wants to be the strongest magic wielder ever Big Jack Horner Puss In Boots: The Last Wish 2022
28%
The father of their family Papa Bear Puss In Boots: The Last Wish 2022
28%
A shape shifting sorceress Chameleon Kung Fu Panda 4 2024
26%
The goddess of chaos Eris Sinbad: Legend Of The Seven Seas 2003
26%
The mother of their family Mama Bear Puss In Boots: The Last Wish 2022
26%
Made fun of from his name Professor Poopypants Captain Underpants: The First Epic Movie 2017
26%
Hates penguins Dave The Octopus Penguins Of Madagascar 2014
24%
Carnivorous mammals who terrorize the lemurs Fossas Madagascar 2005
24%
Kills animals for fun Chantel DuBois Madagascar 3: Europe's Most Wanted 2012
22%
Eats trolls Chef Trolls 2016
22%
Wants to control all dragons Drago Bludvist How To Train Your Dragon 2 2014
22%
The king of egypt Rameses The Prince Of Egypt 1998
22%
Virtual Observational Neutralizing Troublesome Retrieval Authority Vontra The Wild Robot 2024
22%
A man who doesn't like horses Colonel|George Custer Spirit: Stallion Of The Cimarron 2002
20%
A walmart scar Makunga Madagascar: Escape 2 Africa 2008
20%
A bloodthirsty tribe chief Tzekel Kan The Road To El Dorado 2000
20%
A bear who hides food Vincent Over The Hedge 2006
20%
A mafia boss shark who hates fish Don Lino Shark Tale 2004
15%
He exterminates animals The Verminator Over The Hedge 2006
15%
He wants to kill the Were-Rabbit Victor Quartermaine Wallace and Gromit: Curse of the Were-Rabbit 2005
15%
A popular mermaid who is secretly evil Chelsea Ruby Gillman: Teenage Kraken 2023
11%
Wants to destroy humanity Gallaxhar Monsters Vs Aliens 2009
11%
The night fury killer Grimmel the Grisly How To Train Your Dragon: The Hidden World 2019
11%
A racer turned bad Guy Gagne Turbo 2013
11%
Collects chi Kai The Collector Kung Fu Panda 3 2016
11%
Wants rock music to be dominant Queen Barb Trolls: World Tour 2020
11%
Steals talent from trolls Velvet and Veneer Trolls: Band Together 2023
11%
A zoologist turned bad Dr Zara Abominable 2019
9%
Former baby leader Francis E Francis Boss Baby 2017
9%
A literal karen Ms Grunion Mr Peabody and Sherman 2014
9%
Steals a meteor and blames it on the bad guys Professor Marmelade The Bad Guys 2022
2%
No matching quizzes found
Score Distribution
Percent of People with Each Score
Percentile by Number Answered
Your Score History
You have not taken this quiz since the last reset